| 000 | 00476nam a2200145Ia 4500 | ||
|---|---|---|---|
| 008 | 211109s9999||||xx |||||||||||||| ||und|| | ||
| 082 |
_a894.812 _bKRI-K |
||
| 100 | _aKrishna Menon, Kappana | ||
| 245 | 0 | _aKeralavarma Pazhsi Raja | |
| 260 |
_bMathrubhumi _aKozhikode _c1950 |
||
| 300 | _a167 | ||
| 630 | _xGeneral Stack | ||
| 650 |
_aLiterature & rhetoric _vLiteratures of other languagesAltaic, Uralic, Hyperborean & Dravidianmalayalam literature _xGeneralia |
||
| 942 | _cBOOK | ||
| 999 |
_c19612 _d19612 |
||